00624nam a22002177a 450000500170000001000130001702000220003003500130005203700160006504000120008108200160009310000250010924500620013424600060019626000430020227000760024530000250032150000200034665000210036665000190038720170124110218.0 aA-372826 c00.00a8121202663 aA-372826 bCen Lib/Ret aDPLbEN a305.56bSHA aSharma, Satish Kumar aHijras :cby Satish Kumar Sharmabthe labelled deviants / b  bGyan Publishing HouseaNew Delhic1989 bNew Delhie110002a4348 Madan Mohan Street, 4-C Ansari Road, Darya Ganj aix,138p. c21cm(Hb) aIncludes index  aEunuchs -- India aIntersexuality